01037nam a2200253 a 450000100100000000500170001000800410002702000150006804000250008308200180010810000330012624500450015926000330020430000210023749000570025858600260031559000760034165000280041765000310044583000630047691000390053995201880057899900170076600003496020200930074019.0111024s1990 sp a 000 f spa d a843207022X aDO-SdBNPbspacBNPHU a863.44bG146m1 aGala, Antonio,d1936-91764913aEl manuscrito carmesí /cAntonio Gala. aBarcelona :bPlaneta,c1990. a611 p. ;c21 cm.1 aColección autores españoles e hispanoamericanos. aPremio Planeta, 1990. aPerteneció a la biblioteca personal de Juan Isidro Jimenes Grullón. 4aNovela española91123 4aLiteratura española9632 0aColección autores españoles e hispanoamericanos960552 aValidado. Control de calidad BNPHU 001050718MOaGRbGRcHDd2011-10-24iLF1l0o863.44 G146mp34960-10r2020-06-25w2020-06-25y1zPerteneció a la Biblioteca personal de Juan Isidro Jimenes GrullónZNo se presta c34451d34451